000 00878nam a22002055i 4500
001 155786
003 ES-MaACL
005 20230906210210.0
008 040728m18791889xxka |||| | eng d
040 _aCAM
_bspa
_cCAM
100 1 _aHunter, Robert.
_9128091
245 1 4 _aThe encyclopaedic dictionary
_b: a new and original work or reference to all the words in the english language with a full account of their origin, meaning, pronunciation, and use /
_cby Robert Hunter.
260 _aLondon [etc] :
_bCassell, Petter, Galpin & co.,
_c1879-1889.
300 _a14 v. :
_bil. ;
_c26 cm.
594 _aEl autor sólo consta en los 2 v. del t.I.
597 _a7 t. en 14 v.
650 4 _aLengua inglesa-
_vDiccionarios.
_914269
752 _aGran Bretaña -
_dLondres
852 _aES-MaACL
_jB-11275-11276 y B-11279-11288
_z-- Enc. tela
_q-- Falto de los 2 v. del tomo II
999 _c155786
_d155786